000 01207nam a22004690a 4500
001 UByD000737
003 AR-LpoUNG
005 20220713204949.0
008 220712s1971||||ag |||||||||||||||||spa d
040 _aAR-LpoUNG
_bspa
_cAR-LpoUNG
_eaacr
041 _aspa
044 _aag
082 0 _a982.063 475sin
100 1 _aSenén Gonzalez, Santiago
245 1 3 _aEl sindicalismo después de Perón
250 _a1ra. ed.
260 _aBuenos Aires :
_bGalerna,
_c1971.
300 _a164 p.
650 4 _aARGENTINA
650 4 _aHISTORIA
650 4 _aHISTORIA NACIONAL
650 4 _aHISTORIA POLITICA
650 4 _aHISTORIA SOCIAL
650 4 _aANALISIS HISTORICO
650 4 _aESTADO
650 4 _aLUCHA DE CLASES
650 4 _aMOVIMIENTOS OBREROS
650 4 _aSINDICALISMO
650 4 _aSINDICATOS
650 4 _aCLASE OBRERA
650 4 _aPARTICIPACION DE LOS TRABAJADORES
650 4 _aPROBLEMAS SOCIALES
650 4 _aCAMBIO SOCIAL
650 4 _aMOVIMIENTOS SOCIALES
650 4 _aTEORIA POLITICA
653 0 _aHISTORIA ARGENTINA
653 0 _aPERONISMO
653 0 _aCGT
653 0 _aREVOLUCION LIBERTADORA
905 _a30906
942 _cLIB
_2ddc
999 _c63422
_d63422